000 00593nam a22002417a 4500
003 UA-OsUOA
001 73229
007 ta
008 20110216b un ||||| |||| 00| 0 ukr d
100 _aПальчевський С.С.
090 _a159.923(075.8)
_bП14
942 _cBK
040 _aUA-OsUOA
_bukr
_cUA-OsUOA
_dUA-OsUOA
245 _aАкмеологія
300 _a398 с.
955 _a2
041 _aukr
080 _a159.923(075.8)
020 _a978-966-351-161-0
260 _aК.
_bКондор
_c2008
650 7 _a159.9 Психологія
_2UDC
999 _c359509
_d359509